| 000 | 01168cam a22002651 4500 | ||
|---|---|---|---|
| 001 | gs 38000074 | ||
| 003 | DLC | ||
| 005 | 20260227111342.0 | ||
| 008 | 761111s1937 oncbef 000 0 eng c | ||
| 010 | _ags 38000074 | ||
| 035 | _a(OCoLC)2553322 | ||
| 040 |
_aU.S.Geol.survey. Library _cOGraD _dNSbSU _dDLC |
||
| 042 | _apremarc | ||
| 050 | 0 | 0 |
_aQE185 _b.A2 no. 212 |
| 100 | 1 |
_aKindle, Edward Darwin, _d1906- |
|
| 245 | 1 | 0 |
_aMineral resources, Usk to Cedarvale, Terrace area, coast district, British Columbia, _cby E. D. Kindle. |
| 260 |
_aOttawa, _bJ.O. Patenaude, I.S.O., printer to the King, _c1937. |
||
| 300 |
_a2 p. l., 63 p. _bincl. pl., plans. fold. map. _c25 cm. |
||
| 490 | 1 | _aCanada. Geological Survey. Memoir 212 | |
| 500 | _aAt head of title: Canada. Department of mines and resources ... Mines and geology branch ... Bureau of geology and topography ... Geological survey. | ||
| 500 | _aIn lower right corner of t.-p.: no.2442. | ||
| 650 | 0 |
_aMines and mineral resources _zBritish Columbia. |
|
| 740 | 0 | _aUsk to Cedarvale, Terrace area, Coast district, British Columbia, Mineral resources. | |
| 830 | 0 |
_aMemoir (Geological Survey of Canada) ; _v212 |
|
| 999 |
_c27421 _d27421 |
||